000 00703cam a22001694a 4500
005 20250605163405.0
008 250528s ||||||||||||||||||||||||d
035 _a18202
040 _aGR-AtMCL
_bgre
_dGR-AtMCL
_eAACR2
245 1 _aResource Workshop / User's Guide
260 _bBorland International, Inc.,
_c1991
300 _a292
520 _aIntroduction, Getting Started, Resource Workshop Basics, Working with Projects and Resources, Creating Dialog Boxes, Creating Accelerators, Creating a String Table, Using the Paint Editor, Creating Icons, Creating Cursors, Creating Bitmaps, Creating User-Defined Resources, Technical Notes, Index.
942 _cBK
999 _c3579
_d3579